000 00312nam a22001337a 4500
008 171201b xxu||||| |||| 00| 0 eng d
020 _a9780078035180
041 _aeng
080 _29TH
_a159.9
100 _a48
101 _aPSI
245 _aRESEARCH METHODS IN PSYCHOLOGY
_cSHAUGHNESSY,J,J
942 _2udc
_cBK
999 _c38699
_d38699